Central Library OPAC University of Rajshahi

Floriculture : (Record no. 67199)

MARC details
000 -LEADER
fixed length control field 00785nam a2200253 a 4500
001 - CONTROL NUMBER
control field 67199
003 - CONTROL NUMBER IDENTIFIER
rucl marc code BD-RjUL
005 - DATE AND TIME OF LATEST TRANSACTION
control field 20211209081627.0
008 - FIXED-LENGTH DATA ELEMENTS--GENERAL INFORMATION
fixed length control field 980416s1999 njua b 001 0 eng
020 ## - INTERNATIONAL STANDARD BOOK NUMBER
International Standard Book Number 0133747034
035 ## - SYSTEM CONTROL NUMBER
System control number (BD-RjUL)67330
040 ## - CATALOGING SOURCE
Original cataloging agency DLC
Transcribing agency DLC
Modifying agency DLC
-- BD-RjUL
Language of cataloging eng
041 ## - LANGUAGE CODE
Language code of text/sound track or separate title eng
082 00 - DEWEY DECIMAL CLASSIFICATION NUMBER
Edition number 23
Classification number 635.9
Author mark and year DOF 1999
100 1# - MAIN ENTRY--PERSONAL NAME
Personal name Dole, John M.
9 (RLIN) 199073
245 10 - TITLE STATEMENT
Title Floriculture :
Remainder of title principles and species /
Statement of responsibility, etc. John M. Dole, Harold F. Wilkins.
260 ## - PUBLICATION, DISTRIBUTION, ETC. (IMPRINT)
Place of publication, distribution, etc. Upper Saddle River, N.J. :
Name of publisher, distributor, etc. Prentice Hall,
Date of publication, distribution, etc. c1999.
300 ## - PHYSICAL DESCRIPTION
Pagination ix, 613 p. :
Illustrations ill. ;
Size 29 cm.
504 ## - BIBLIOGRAPHY, ETC. NOTE
Bibliography, etc Includes bibliographical references and index.
650 #0 - SUBJECT ADDED ENTRY--TOPICAL TERM
Topical term or geographic name as entry element Floriculture.
9 (RLIN) 115330
Topical term or geographic name as entry element Plants, Ornamental.
9 (RLIN) 43978
700 1# - ADDED ENTRY--PERSONAL NAME
Personal name Wilkins, Harold F.
942 ## - ADDED ENTRY ELEMENTS (KOHA)
Source of classification or shelving scheme Dewey Decimal Classification
Koha item type Books
Holdings
Lost status Source of classification or shelving scheme Damaged status Not for loan Collection code Permanent Location Current Location Shelving location Date acquired Source of acquisition Cost, normal purchase price Total Checkouts Full call number Date last seen Copy number Koha item type
  Dewey Decimal Classification   Not For Loan Non-fiction Central Library, University of Rajshahi Central Library, University of Rajshahi Reading Room 20/12/2005 Paragon enterprise, Dhaka 110.00   635.9 DOF 1999 22/03/2017 C-1 Books